1462 1206 1877 1346 1023 1918 1088 1405 1025 1841 1875 1504 1766 1676 1495 1109 1573 1180 1181 1836 1546 1198 1227 1349 1083 1466 1532 1833 1853 1843 1919 1305 1267 1943 1011 1655 1532 1192 1456 1011 1732 1498 1447 1562 1839 1648 1357 1249 1438 1074 1970 1008 1582 1260 1743 1578 1750 1739 1406 1497 1707 1003 1097 1690 1445 1986 1493 1917 1194 1112 1449 1411 1765 1395 1452 1417 1036 1222 1673 1669 1676 1532 1649 1243 1625 1780 1044 1273 1341 1981 1561 1952 1817 1731 1086 1607 1054 1932 1586 BCNSPRNW ULIB Ver.6.0+V

เปลี่ยนเป็นภาษาไทย

Change to English
 แสดงรายละเอียดบรรณานุกรม
  กลับหน้าหลัก

Brief Record : Get Marc (ISO 2709) : E-mail record : QR code < ปิดหน้าต่าง
LEADER : 00000nam 2200000uu 4500
001    13399114799
003     ULIB
008    020711s|||| th a 000 0 tha d
245    ^aพจนานุกรมโรคและการบำบัด
260    ^a ^bม.ป.ท.,^cม.ป.ป.
945    ^p0^l0^i015017
999 ^a ทศพร
รายการนี้ยังไม่มีแท็ก
คุณยังไม่ได้ล็อกอิน คุณสามารถมีกิจกรรมร่วมกับเว็บไซต์ได้ แต่ต้องล็อกอินก่อน ::
  ล็อกอิน

รายการสื่อสารสนเทศ

ลำดับที่ ประเภท เลขเรียก/บาร์โค้ด สถานที่ สถานะ
- ไม่พบข้อมูล -

รายการใกล้เคียง
    ชื่อเรื่อง [พจนานุกรมโรคและการบำบัด]

    ผู้แต่ง []

BibComment


ยังไม่เคยถูกคอมเมนท์

คอมเมนท์ทรัพยากรรายการนี้
  คอมเมนท์: พจนานุกรมโรคและก..


 Copyright 2026. Bcnsprnw @Library